000 00500nam a2200193Ia 4500
008 131103s9999 xx 000 0 und d
020 _a553213156
040 _aLoreto College
041 _aEnglish
082 _aF/MON
_bLCBED/11913
100 _aMontgomery, L. M.
245 _aAnne of ingleside
_cL. M. Montgomery
260 _aNew York
_bBantam books
_c1992
300 _a274p.
_c 18cm.
650 _aEnglish Fiction
651 _aEnglish literature
850 _aLCBED/F/MON
942 _cBK
999 _c32702
_d83181